00310cam a22001217a 4500008004000000082001400040100001600054245004700070260002700117300001400144650001600158650001400174180718b1954 xxu||||| |||| 00| 0 eng d aB234 P629 aPigou, A.C. aSocialism versus capitalismcby A.C. Pigou aLondonbMacmillac1954 avii, 138p aCapitalism. aSocialism